00303nam a2200121 a 4500008004100000020001500041050001600056100002400072245002600096260003000122300002000152350000900172120416s0000 ||||||||||||||||| || u a0491020813 aHF 5429 Phi aPhilpott, William J10aRetailing made simple aLondonbW. H. Allenc1977 aix, 246p. : ill a0.00